UBT Library

Diseases of the Chest With Emphasis on X-ray Diagnosis (Record no. 58156)

000 -LEADER
fixed length control field 00313nam a22001337a 4500
008 - FIXED-LENGTH DATA ELEMENTS--GENERAL INFORMATION
fixed length control field 211011b ||||| |||| 00| 0 eng d
041 ## - LANGUAGE CODE
Language code of text/sound track or separate title eng
080 ## - UNIVERSAL DECIMAL CLASSIFICATION NUMBER
Universal Decimal Classification number 610
082 ## - DEWEY DECIMAL CLASSIFICATION NUMBER
Classification number 610
100 ## - Rafti
Rafti 4
101 ## - Shkurtesa
Shkurtesa SHM
245 ## - TITLE STATEMENT
Title Diseases of the Chest With Emphasis on X-ray Diagnosis
Statement of responsibility, etc Rubin,E.H
942 ## - ADDED ENTRY ELEMENTS (KOHA)
Source of classification or shelving scheme
Item type Books
Holdings
Withdrawn status Lost status Source of classification or shelving scheme Damaged status Not for loan Collection code Permanent location Current location Shelving location Date acquired Total Checkouts Full call number Barcode Date last seen Price effective from Koha item type
          Koleksioni i përgjithshem UBT - Lipjan UBT - Lipjan Koleksioni i përgjithshem 10/11/2021   610 RUB 002-7003932 10/11/2021 10/11/2021 Books
UBT Library © 2015-2024. All rights reserved University Education for Business and Technology